Taylor Swift - Paroles Snow On The Beach - Statistiques

Statistiques générales
  • Ce quiz a été pris 27 fois
  • Le résultat moyen est 269 sur 401
Statistiques - réponses
Hint Réponse % Correct
a
100%
be
100%
on
100%
beach
95%
beach?
95%
beach)
95%
I
95%
(I)
95%
snow
95%
(Snow
95%
(snow
95%
snow,
95%
the
95%
beautiful
90%
fuckin'
90%
we
90%
it
85%
it?
85%
you
85%
You
85%
(you
85%
But
80%
but
80%
by
80%
it's
80%
(it's
80%
(It's
80%
like
80%
Outro | Post-refrain Like
80%
(Like
80%
I'm
75%
Weird
75%
at
70%
been
70%
do,
70%
in
70%
night,
70%
no
70%
so
70%
And
65%
dream,
65%
dream)
65%
feels
65%
Couplet 2 This
65%
this
65%
are
60%
Refrain Are
60%
Can
60%
can't
60%
(can't)
60%
comin'
60%
(Comin'
60%
down,
60%
down)
60%
impossible
60%
is
60%
me
60%
me)
60%
of
60%
oh,
60%
oh
60%
Couplet 1 One
60%
saw
60%
to
60%
tonight
60%
what
60%
all
55%
Refrain Now
55%
your
55%
around
50%
falling
50%
have
50%
my
50%
My
50%
thing?
50%
ago
45%
could've
45%
Flying
45%
flying
45%
(flying
45%
just
45%
lights
45%
moons
45%
once
45%
real
45%
scene
45%
screen
45%
stars
45%
thanks
45%
that
45%
true
45%
wanting
45%
borealis
40%
dare
40%
don't
40%
(don't)
40%
few
40%
for
40%
from
40%
I've
40%
Janet
40%
might
40%
never
40%
Passing
40%
pocketful
40%
time
40%
was
40%
another
35%
did
35%
even
35%
periphery
35%
seen
35%
someone
35%
wish
35%
within
35%
would
35%
asking
30%
aurora
30%
eyes
30%
flecks
30%
green
30%
make
30%
out
30%
planet
30%
searched
30%
smile
30%
sound,
30%
'til
30%
'Til
30%
won
30%
awful,
25%
contest
25%
dishonest
25%
emotionally
25%
fake
25%
Life
25%
quite
25%
unglued,
25%
abusive
20%
afraid
20%
Blurring
20%
flight
20%
jinx
20%
lit
20%
saucers
20%
speak
20%
stop
20%
unbeknownst
20%
fine
15%
hide
15%
Aucun quiz correspondant
Distribution des résultats
% des personnes avec chaque résultat
Percentile par nombre de réponses
Votre historique - résultats
Vous n’avez pas pris ce quiz